[Event "Sharjah Cup (Women) 10th"]
[Site "Sharjah"]
[Date "2020.01.07"]
[Round "5"]
[White "Yasmin, Ali"]
[Black "Tower, Nora"]
[Result "1-0"]
[WhiteElo "1527"]
[BlackElo "1203"]
[PlyCount "91"]
[EventDate "2020.01.04"]
[EventType "swiss"]
[EventRounds "9"]
[EventCountry "UAE"]
[SourceTitle "CBM 194 Extra"]
[Source "ChessBase"]
[SourceDate "2020.03.31"]
[SourceVersion "1"]
[SourceVersionDate "2020.03.31"]
[SourceQuality "1"]

1. d4 d5 2. c4 c6 3. Nc3 e6 4. cxd5 exd5 5. Qc2 Nf6 6. Bg5 Be7 7. e3 0-0 8. Bd3 h6 9. h4 Re8 10. Bf4 Nbd7 11. Nf3 Nf8 12. Kf1 Be6 13. Ne5 Bd6 14. Ne2 Rc8 15. Rc1 Bxe5 16. Bxe5 N6d7 17. Bd6 Qf6 18. Ng3 g6 19. Bf4 Kg7 20. Qd2 c5 21. Kg1 cxd4 22. Rxc8 Rxc8 23. exd4 h5 24. Bb1 Rc4 25. Ne2 Bf5 26. Bg5 Qb6 27. Bxf5 gxf5 28. Rh3 Ne6 29. Rg3 Nxg5 30. Rxg5+ Kf8 31. Rxh5 Qe6 32. Rh6 Qe4 33. Rh8+ Ke7 34. f3 Qc2 35. Qe3+ Kd6 36. Qf4+ Kc6 37. Rc8+ Kb5 38. Nc3+ Kb4 39. Qd6+ Ka5 40. Qa3+ Kb6 41. Nxd5+ Kb5 42. Nc3+ Kb6 43. Nd5+ Kb5 44. Nc3+ Kb6 45. Qd6+ Ka5 46. Rxc4 1-0